000 00811nam a2200265Ia 4500
003 OSt
005 20221005090451.0
006 a|||||r|||| 00| 0
007 ta
008 221004b |||||||| |||| 00| 0 eng d
024 _a60421
037 _cTextual
040 _aCRL
_cCRL
_beng
041 _2eng
_aeng
082 _aV2:594.N47<-K00, N5
100 _aHeathcote T A
_9103238
245 0 _aMilitary in British India
_b The development of British land forces in South Asia, 1600-1947.
260 _aNew York
_bManchester University Press
_c1995
300 _a288p.
_ccm.
490 _aManchester's History of the British army, 1995.
650 _a HISTORY
650 _aINDIA - HISTORY
942 _hV2:594.N47<-K00, N5
_cTEXL
_2cc
999 _c995842
_d995842